ألكسندر صاروخان نبذة عن حياته وفنه وانجازاته

محفوظ في:

المؤلف الرئيسي: هرانت كشيشيان .

التنسيق: كتاب

اللغة: Undetermined

منشور في: Al-Qāhirah : jameiat alqahirat alkhayriat alarminiat aleama, 1998.

الموضوعات:

الوسوم: إضافة وسم

لا توجد وسوم, كن أول من يضع وسما على هذه التسجيلة!

رقم الطلب: (L)NC1729 .S27 A42

LEADER 00570nam a2200157Ia 4500
008 240329s9999||||xx |||||||||||||| ||und||
050 4 |a (L)NC1729 .S27 A42 
100 1 |a هرانت كشيشيان . 
245 1 0 |a ألكسندر صاروخان نبذة عن حياته وفنه وانجازاته  |c هرانت كشيشيان  
264 1 |a Al-Qāhirah :  |b jameiat alqahirat alkhayriat alarminiat aleama,  |c 1998. 
300 |a 144  |c 24 
650 |a رسام 
650 |a صاروخان، ألكسندر، (1898-1977) 
650 |a كاريكاتير 
942 |2 lcc  |c BK 
999 |c 57870  |d 57870